Leçons cliniques sur les maladies du coeur / (Record no. 49542)

MARC details
000 -LEADER
campo de control de longitud fija 00636nam a2200181 i 4500
001 - NÚMERO DE CONTROL
campo de control 49542
003 - IDENTIFICADOR DE NÚMERO DE CONTROL
campo de control ES-MaACL
005 - FECHA Y HORA DE LA ÚLTIMA TRANSACCIÓN
campo de control 20230906162013.0
007 - CAMPO FIJO DE DESCRIPCIÓN FÍSICA--INFORMACIÓN GENERAL
campo de control de longitud fija t|
008 - DATOS DE LONGITUD FIJA--INFORMACIÓN GENERAL
campo de control de longitud fija 030717s1878 po ||||1| fre d
100 1# - ENTRADA PRINCIPAL--NOMBRE DE PERSONA
Nombre de persona Costa Alvarenga, Pedro Francisco da.
9 (RLIN) 41084
245 10 - MENCIÓN DEL TÍTULO
Título Leçons cliniques sur les maladies du coeur /
Mención de responsabilidad, etc. par Pedro Francisco da Cosa Alvarenga ; traduit du portugais par E. Bertherand.
260 ## - PUBLICACIÓN, DISTRIBUCIÓN, ETC.
Lugar de publicación, distribución, etc. Lisbonne :
Nombre del editor, distribuidor, etc. [s.n.],
Fecha de publicación, distribución, etc. 1878 (
Fabricante Imp. de l'Academie des Sciences)
300 ## - DESCRIPCIÓN FÍSICA
Extensión XCIII, 361 p. ;
Dimensiones 23 cm.
650 #4 - PUNTO DE ACCESO ADICIONAL DE MATERIA--TÉRMINO DE MATERIA
Término de materia o nombre geográfico como elemento de entrada Corazón-
Subdivisión general Enfermedades.
9 (RLIN) 144728
700 1# - ENTRADA AGREGADA--NOMBRE PERSONAL
Nombre de persona Bertherand, E.
9 (RLIN) 28446
852 ## - LOCALIZACIÓN
Ubicación ES-MaACL
Número de control de estantería G-6888
Holdings
Estatus retirado Estado de pérdida Estado de daño No para préstamo Colección Biblioteca de origen Biblioteca actual Ubicación en estantería Fecha de adquisición Fuente de adquisición Total de préstamos Signatura topográfica completa Código de barras Visto por última vez Precio de reemplazo Tipo de ítem Koha
        Libros del s. XIX Biblioteca del Ateneo de Madrid Biblioteca del Ateneo de Madrid Depósito 2 17/01/2008     G-6888 1052130 23/02/2023 23/02/2023 Libro impreso antiguo